000 00295nam a22001217a 4500
020 _a851202713
082 _a346.42077
245 _aParks Collection of Debts.
260 _aLondon.
_bOyez Publishing
_c1976
300 _axvi, 179p.
_b21cm.
500 _aIncludes appendix and index.
942 _cBK
999 _c16407
_d16407